[Event "FIDE World Cup"]
[Site "Khanty-Mansiysk"]
[Date "2005.11.29"]
[Round "1.4"]
[White "Smirin, Ilia"]
[Black "Arencibia Rodriguez, Walter"]
[Result "1-0"]
[WhiteElo "2673"]
[BlackElo "2510"]
[Annotator "Kritz,L"]
[PlyCount "89"]
[EventDate "2005.11.27"]
[EventType "k.o."]
[EventRounds "7"]
[EventCountry "RUS"]
[SourceTitle "CBM 111"]
[Source "ChessBase"]
[SourceDate "2006.04.04"]
[SourceVersion "1"]
[SourceVersionDate "2006.04.04"]
[SourceQuality "1"]

1. e4 c5 2. Nf3 e6 3. d4 cxd4 4. Nxd4 a6 {Das ist eine der ganz populären
Varianten, so spielen heutzutage viele Spitzenspieler.} 5. Bd3 Bc5 6. Nb3 Ba7 (
6... Be7 {ist die andere Hauptvariante} 7. Qg4 {Es ist sinnvoll den Zug g6 zu
provozieren und erst dann die Dame nach e2 zu stellen. Dadurch schwächt
Schwarz seinen Königsflügel und wird oft an der kurzen Rochade durch Lh6 
(sobald der Springer das Feld g8 verlässt) gehindert.} g6 (7... Nf6 8. Qxg7 Rg8
9. Qh6 Rxg2 10. Qh3 Rg8 11. Nc3 $14 {/\Le3/Lf4 - 0-0-0}) 8. Qe2 d6 9. Nc3 (9.
c4 $5 Qc7 10. Nc3 b6 $132) (9. O-O Nd7 {Schwarz sollte solange mit der
Entwicklung des g8-Springers abwarten, bis Weiß f4 gezogen hat, dann kann
nämlich der Läufer nicht mehr nach h6 kommen.} 10. a4 {Hier gibt es
verschiedensten Pläne für Weiß:} (10. Bf4 Ne5 11. N1d2 Nf6 12. Rfd1 Nxd3 (12...
Qc7 $5 13. a4 Bd7 14. a5 Bc6 $132) 13. Qxd3 O-O 14. a4 e5 15. Bg5 Be6 16. Nf1
Rc8 17. Ne3 Rc6 $11 {Alekseev - Milov (Biel, 2005)}) (10. Na3 $5 h5 11. f4 Qc7
12. Bd2 Ngf6 13. Kh1 h4 14. Rae1 e5 $132 {Smirnov - Milov (Warschau, 2005)}) (
10. c4 {macht hier keinen Sinn, da Schwarz sowieso den Bauer nicht nach b5,
sondern nach b6 ziehen will.} b6 11. Nc3 Bb7 12. Bd2 Qc7 13. Rae1 Ngf6 14. f4 (
14. Bh6 Ne5 15. f4 Nxd3 16. Qxd3 O-O-O $1 $132) 14... O-O $11 {der Bauer auf
c4 ist eher eine Schwäche}) 10... Ne5 {Die Idee dieses Zuges wird demnächst
klar. Eine Alternative wäre} (10... Qc7 $5 11. a5 Ngf6 12. Bh6 Bf8 13. Bxf8
Kxf8 14. f4 Kg7 15. N1d2 Rf8 16. Kh1 Rb8 17. Rae1 {1/2:1/2 Motylev - Svidler 
(Bermuda, 2003). Wobei man sagen muss, daß Weiß doch etwas besser steht.}) 11.
a5 Nf6 {Jetzt sieht man, warum 10...Ne5 gespielt wird - Weiß kann Schwarz an
der kurzen Rochade nicht mehr hindern.} 12. Nc3 (12. Bh6 Nfg4 $1 13. Bf4 (13.
Bg7 Rg8 14. Bxe5 Nxe5 15. Nc3 Bd7 $11 {die schwarzen Felder, über die Schwarz
nun Dank dem Läufer die Kontrolle übernehmen wird, sind mehr wert, als die
verlorene Rochade.}) 13... O-O $11) 12... Bd7 13. Be3 O-O 14. Bb6 Qe8 15. f4
Nxd3 16. cxd3 Bc6 $1 $11 {Schwarz hat das Läuferpaar und steht ziemlich sicher.
Man müsste versuchen, Figuren umzugruppieren und erst dann Operationen im
Zentrum starten.}) 9... Qc7 10. O-O Nd7 11. Bd2 b6 (11... b5 $2 {ist nie gut
solange man einen solchen Entwicklungsrückstand hat} 12. a4 b4 13. Na2 a5 14.
c3 bxc3 15. Nxc3 Ngf6 16. Nb5 Qb6 (16... Qb8 17. Nxa5 $18) 17. Be3 Qb8 18. Bh6
$16) 12. f4 Ngf6 13. Rae1 Bb7 $132) 7. Qg4 (7. Qe2 Nc6 8. Be3 d6 9. f4 {
Das ist wohl die beste Methode, gegen diese von Schwarz gewählte Variante zu
kämpfen. Man wartet ab mit der Entwicklung des Springers und macht alle
notwendigen Züge.} (9. N1d2 $2 e5 $1 10. f4 (10. Bxa7 Rxa7 11. Nc4 b5 12. Ne3
Nf6 13. O-O-O Be6 $15 {Schwarz hat einen super Najdorfaufbau erreicht.}) 10...
Nf6 11. O-O-O Bg4 12. Nf3 Bxe3+ 13. Qxe3 exf4 14. Qxf4 Qc7 15. h3 Be6 16. Nbd4
Nxd4 17. Nxd4 O-O $11) (9. Nc3 {ist auch gut spielbar, dieser Zug hat jedoch
den Nachteil, dass Schwarz nach Zügen b5 und a4 (von der Seite von Weiß) b4
mit Angriff auf den Springer spielen kann.} Nf6 (9... Nge7 $5 10. O-O O-O 11.
f4 b5 12. a4 Bxe3+ (12... b4 13. Nd1 Bxe3+ 14. Nxe3 $14) 13. Qxe3 b4 14. Ne2
$14) 10. O-O b5 11. a4 b4 (11... Bxe3 {der Versuch die weiße Dame nach e3 zu
locken endet traurig.} 12. axb5 $1 Bd4 (12... Bxf2+ 13. Qxf2 Ne5 14. Qd4 Nxd3
15. Qxd3 Bb7 16. Na5 $16) 13. Nd1 Qc7 14. bxc6 Bb6 15. Ne3 O-O (15... Qxc6 16.
Nd5 $1 Bd8 17. Na5 Qd7 18. Nxf6+ Bxf6 19. Nc4 $16) 16. Nc4 Qxc6 17. Nxd6 Qxd6
18. e5 Qb8 19. exf6 gxf6 20. Qg4+ Kh8 21. Qh4 f5 22. Rfe1 $40) 12. Nd1 Bxe3 13.
Nxe3 $14 {Weiß hat ein leichtes Spiel, denn der schwarze Damenflügel ist sehr
geschwächt.}) 9... Nf6 $5 (9... Qc7 10. O-O Nf6 11. Bxa7 Rxa7 12. Nc3 b5 13. a4
b4 14. Nd1 a5 15. Ne3 O-O 16. Kh1 Bb7 17. Ng4 Nxg4 18. Qxg4 Raa8 19. Rae1 $14 {
Leko - Kasimdzhanov (San Luis, 2005)}) (9... b5 $6 {Zu früh. Diesen Zug sollte
man ausführen, nachdem Weiß Sc3 gespielt hat, denn sonst entwickelt sich die
weiße Initiative am Damenflügel sehr schnell.} 10. a4 $1 {Weiß ergreift sofort
die Initiative am Damenflügel und nutzt die Tatsache aus, daß Schwarz nicht
gut b4 spielen kann.} bxa4 (10... b4 $6 11. Bxa7 Rxa7 12. O-O Nf6 13. N1d2 O-O
14. a5 $16 {strategisch steht Schwarz am Rande der Niederlage. Der a6 Bauer
ist eine ewige Schwäche, der weiße Springer manövriert über c4 nach b6. Der
Bauer d6 ist auch schwach. Dazu hat Weiß noch den Raumvorteil und starken
Zentrum.}) 11. Rxa4 {xa6} Bxe3 12. Qxe3 Nf6 13. O-O O-O 14. Nc3 $14) 10. Bxa7
Rxa7 11. c4 O-O 12. O-O b6 13. Nc3 Nd7 14. Rad1 $14) (7. O-O Nc6 8. Qg4 $6 Nf6
9. Qxg7 Rg8 10. Qh6 Ne5 $44 {zum Beispiel:} 11. Nc3 b5 12. Bf4 Neg4 13. Qh4
Nxf2 $1 14. Rxf2 Rg4 15. Qh6 Bxf2+ 16. Kxf2 Ng8 $17) 7... Nf6 (7... g6 $6 {
Die schwarzen Felder am Königsflügel sehen nun furchtbar aus.} 8. Qg3 Nc6 9.
Nc3 d6 10. h4 Nf6 11. Bh6 $16 {Schwarz wird nun lange Zeit nicht rochieren
können, während Weiß sein Spiel ganz bequim gestalten kann.}) 8. Qg3 (8. Qxg7
$2 Rg8 9. Qh6 Rxg2 $15 {xf2}) 8... d6 9. Nc3 (9. O-O O-O (9... Nc6 10. Nc3 Ne5
11. Be2 O-O (11... b5 12. Bf4 b4 13. Rad1 Qe7 14. Rxd6 $1 Qxd6 (14... Ng6 15.
e5 bxc3 16. exf6 gxf6 (16... Nxf4 17. Qxf4 gxf6 18. Rfd1 cxb2 19. Qa4+ Kf8 20.
Rd8+ Kg7 21. Qg4+ Kh6 22. R8d3 $18) 17. Bf3 Bb7 18. Na5 Bxf3 19. Qxf3 $16) 15.
Bxe5 Qe7 16. Bd6 $16 {Nisipeanu - Korneev (Benidorm, 2005)}) 12. Kh1 b5 13. f4
Nc4 14. e5 Ne8 15. a4 Bd7 16. axb5 axb5 17. Ne4 Bc6 18. Bd3 Bxe4 19. Bxe4 d5
20. Bd3 f5 21. c3 Nc7 {1/2-1/2 Delchev - Korneev (Benidorm, 2005)}) 10. Nc3 Nc6
11. Rd1 Ne5 $132) 9... Nc6 10. Bg5 $1 {Ein sehr interessanter Läufermanöver.
Schwarz wird zu h6 provoziert, wodurch sein Königsflügel ziemlich geschwächt
wird.} h6 11. Bd2 Ne5 (11... Nh5 $1 {wurde in der späteren WM-Phase gespielt}
12. Qf3 Qh4 13. g3 Ne5 14. Qe2 Qg4 15. O-O-O Qxe2 16. Bxe2 Nf6 17. f4 Neg4 18.
Be1 Ke7 $11 {Vallejo Pons - Kamsky (Khanty Mansyisk, 2005)}) (11... g6 12. Be2
Nd4 13. Qd3 Nxe2 14. Qxe2 e5 15. Be3 Bxe3 16. Qxe3 Be6 17. O-O-O Qc7 18. Rd2
O-O-O 19. Rhd1 $14 {Almasi - Glek (Muelheim, 2005)}) (11... e5 12. O-O-O Ne7
13. h4 Ng4 14. Rdf1 h5 15. f3 Nf6 16. Qxg7 Ng6 17. Bg5 Be3+ 18. Kb1 Bxg5 19.
hxg5 Nd7 20. Bc4 Rf8 21. Bxf7+ Rxf7 22. Qxg6 $18) 12. O-O-O {Bevor man anfängt,
im Zentrum mittels f4 zu spielen, muss man den eigenen König sichern.} (12. f4
Nxd3+ (12... Nh5 $5 13. Qh3 Nxd3+ 14. Qxd3 Qh4+ 15. g3 Qg4 16. Ne2 (16. Qxd6
Bd7 17. Qd3 Bc6 $44) 16... Bd7 $13) 13. cxd3 (13. Qxd3 Ng4 14. Nd1 Qh4+ 15. g3
Qh3 16. Ne3 d5 17. exd5 exd5 18. O-O-O O-O $132) 13... O-O $13 {Schwarz wird
jedenfalls gute Gegenchancen haben, da der weiße König auch nirgends die
Sicherheit finden wird.}) 12... g5 (12... Nxd3+ 13. Qxd3 Bxf2 (13... Ng4 14.
Qg3 Nxf2 (14... h5 15. Rhf1 $16) 15. Qxg7 Ke7 $8 16. e5 $40) 14. e5 $1 dxe5 (
14... Nd7 15. Ne4 Nxe5 16. Qe2 Bb6 17. Bc3 $18) 15. Qxd8+ Kxd8 16. Be3+ $18)
13. Be2 b5 14. f4 (14. h4 $4 b4 $19) 14... gxf4 15. Bxf4 Rg8 (15... b4 $4 16.
Bxe5 bxc3 17. Rxd6 $18) 16. Qh3 Qe7 17. a3 Bd7 18. Rhf1 $14 {Die weiße
Stellung ist eindeutig besser - der schwarze Läufer auf a7 nimmt am Spiel
überhaupt nicht teil, deswegen sind die schwarzen Felder d6-e5-f6 und h6 sehr
schwach.} Rc8 19. Kb1 Rg6 20. Bxh6 Rxc3 21. bxc3 Nxe4 22. Bf4 Qf6 23. Nd4 Qg7
24. Qe3 f5 25. g3 Qh8 26. Ka1 Bc5 27. Ka2 Ng4 28. Bxg4 Rxg4 29. h3 Rg6 30. g4
Kd8 31. gxf5 exf5 32. Rg1 Re6 33. Qf3 Re8 34. Bc1 Qe5 35. Bb2 Qd5+ 36. Ka1 Qc4
37. Rg7 Bxd4 38. Rxd4 Qe6 39. h4 Qf6 40. Rh7 Qg6 41. Qh5 Qg2 42. Rxd7+ Kxd7 43.
Qxf5+ Kd8 44. c4 Qxc2 45. Rxd6+ 1-0

[Event "Jermuk FIDE GP"]
[Site "Jermuk"]
[Date "2009.08.20"]
[Round "10"]
[White "Leko, Peter"]
[Black "Akopian, Vladimir Eduardovic"]
[Result "1/2-1/2"]
[WhiteElo "2756"]
[BlackElo "2712"]
[Annotator "Kritz,L"]
[PlyCount "130"]
[EventDate "2009.08.09"]
[EventType "tourn"]
[EventRounds "13"]
[EventCountry "ARM"]
[EventCategory "19"]
[SourceTitle "CBM 132"]
[Source "ChessBase"]
[SourceDate "2009.09.16"]
[SourceVersion "1"]
[SourceVersionDate "2009.09.16"]
[SourceQuality "1"]

1. e4 c5 2. Nf3 e6 3. d4 cxd4 4. Nxd4 a6 5. Bd3 (5. c4 $5 {führt zum offenen
Kampf.} Nf6 6. Nc3 Qc7 (6... Bb4 7. Qc2 ({Kramnik hat in dieser Stellung
mehrmals und mit Erfolg} 7. Bd3 {gespielt. Nach} Nc6 8. a3 Bxc3+ 9. bxc3 d6 10.
O-O Ne5 11. f4 Nxd3 12. Qxd3 e5 13. fxe5 dxe5 14. Bg5 h6 15. Bh4 exd4 16. e5
dxc3 17. Qxd8+ Kxd8 18. exf6 $14 {Kramnik - Svidler (Wijk aan Zee, 2005)}) 7...
Qc7 8. a3 Bxc3+ (8... Bc5 9. Nb3 Be7 10. f4 d6 11. Be2 Nbd7 12. Be3 b6 13. O-O
Bb7 14. Rac1 $14 {Schlosser - Siebrecht (Leoben, 2007)}) 9. Qxc3 Nxe4 10. Nb5
$1 axb5 11. Qxg7 Rf8 12. Bh6 Qd6 (12... Qc5 13. f3 bxc4 (13... Qf2+ 14. Kd1 $18
) 14. Bxc4 $1 Ng5 (14... Nf6 15. Qxf6 Qxc4 16. Rc1 $18) 15. Qxf8+ Qxf8 16. Bxf8
Kxf8 17. h4 $18) 13. cxb5 $1 {Weiß hat's nicht eilig, der Turm f8 läuft nicht
weg.} b6 14. f3 Nc5 15. b4 Na4 16. Rc1 Bb7 17. Rc7 $1 $18) 7. a3 {Prophylaxe
gegen 7....Bb4} b6 8. Be3 Bb7 9. f3 d6 10. Rc1 Nbd7 11. Be2 Be7 12. O-O O-O
$132) (5. Nc3 {ist der zweitpopulärste Zug. Auch hier erreicht Weiß
aussichtsreiche Stellungen, obwohl Schwarz eher zum Kontern kommt als nach 5.
Bd3} b5 (5... Nc6 {führt zu der anderen Paulsen-Variante, die als sehr solide
gilt.} 6. Nxc6 bxc6 7. Bd3 d5 8. O-O Nf6 $132 {Weiß hat Entwicklungsvorsprung,
Schwarz dafür ein starkes Zentrum und keine Schwächen im eigenen Lager.}) (5...
Qc7 6. Bd3 Nc6 7. Nxc6 dxc6 8. O-O e5 9. f4 $14) 6. Bd3 Qb6 7. Nb3 d6 (7... Qc7
8. O-O Bb7 $132 {Das ist eine ganz andere Geschichte, es entsteht ebenfalls
eine Stellung mit Chancen für beide Seiten.}) 8. Be3 Qc7 9. O-O Nf6 10. f4 Be7
11. Qf3 Bb7 $132) 5... Nf6 (5... Bc5 6. Nb3 Be7 (6... Ba7 7. Qg4 $5 {wurde
seit Kurzem populär und das nicht ohne Grund.} Nf6 8. Qg3 d6 9. Nc3 Nc6 10. Bg5
h6 11. Bd2 Nh5 12. Qf3 Qh4 13. g3 Ne5 14. Qe2 Qg4 (14... Nxd3+ 15. cxd3 Qh3 16.
O-O-O $14) 15. O-O-O Nf6 (15... Nxd3+ 16. Qxd3 O-O 17. f3 Qg6 18. Qxd6 $16) 16.
f4 Qxe2 17. Bxe2 Neg4 18. Be1 Ke7 19. Rd3 h5 (19... Bd7 20. Bf3 e5 21. Nd1 Bb5
22. Rc3 $14 {Erenburg - Zhao (Pawtucket, 2008)}) 20. Bf3 $1 h4 21. Nd1 $14 {
Erenburg - Friedel (Pawtucket, 2008)}) 7. O-O d6 8. Qg4 g6 9. Qe2 $14 {Die
theoretischen Varianten in dieser Stellung sind sehr lang und kompliziert,
doch es sieht so aus, dass Weiß am Drücker ist.}) 6. O-O Qc7 7. Qe2 d6 8. c4 {
Wenn Weiß die Möglichkeit hat, Schwarz gleichzeitig an b5 und d5 zu hindern,
sollte er sie nutzen.} g6 {Die prinzipiellste Fortsetzung. Das Fianchetto ist
hier möglich, weil die weißen Figuren die d-Linie blockieren und Weiß damit
nicht einen sofortigen Druck gegen den Bauern d6 ausüben kann.} (8... Nbd7 9.
Nc3 Be7 10. f4 b6 11. Kh1 Bb7 12. Bd2 g6 13. Rac1 $14 {Weiß bekam einen guten
Igel in Caruana - Kveinys (Dresden, 2008)}) (8... Nc6 9. Nxc6 bxc6 10. f4 Be7
11. Nc3 Nd7 12. Kh1 Bf6 13. Bd2 a5 14. e5 dxe5 15. Ne4 exf4 16. Nxf6+ Nxf6 17.
Bxf4 $44 {Smirnov - Meijers (Istanbul, 2003)}) 9. Nc3 Bg7 10. Nf3 $1 {Die Idee
von Weiß ist es, den Läufer nach f4 zu entwickeln, um den Bauern d6
anzugreifen.} O-O 11. Bf4 Nc6 ({Die Idee} 11... Nh5 12. Bg5 Bxc3 {sieht
unnatürlich aus.} 13. bxc3 e5 14. Nh4 Nc6 15. g3 $5 Bh3 16. Rfd1 Ng7 17. f4 Bd7
18. f5 $14 {Shirov - Ivanchuk (Motril, 2008). Die schwarze Stellung mit dem
Springer auf g7 ist nicht sehr angenehm.}) (11... Ng4 12. h3 Ne5 13. Nxe5 dxe5
14. Be3 Nc6 15. Na4 {Weiß hat doch bessere Aussichten, weil er schnell seine
Initiative am Damenflügel entfalten kann.} Nd4 16. Bxd4 exd4 17. c5 Bd7 18. Nb6
Rae8 19. b4 f5 20. e5 $1 $14 {Svetushkin - Nikolov (Plovdiv, 2008)}) 12. Rac1
e5 ({Einfach nicht ausreichend ist} 12... Nd7 {Weiß bekommt eine günstige
Igelstellung auf verschiedenen Wegen.} 13. Qe3 (13. Rfd1 Nde5 14. Bb1 Nxf3+ 15.
Qxf3 Ne5 16. Qg3 b6 17. b3 Bb7 18. Be3 Rab8 19. Bd4 $14 {Shirov - D'Costa 
(Kallithea, 2008)}) 13... Nce5 14. Nxe5 Nxe5 15. Be2 b6 16. Rfd1 $14 {
Ponomariov - Svidler (Sofia, 2006)}) 13. Bg5 (13. Be3 Bg4 14. h3 Nd4 15. Bxd4
Bxf3 16. Qxf3 exd4 17. Nd5 Nxd5 18. cxd5 Qa5 $11 {Pavasovic - Horvath (Graz,
2008)}) (13. Bd2 {sieht unlogisch aus - die d-Linie muss Weiß bestimmt nicht
versperren, doch seine Idee ist es, das Feld e3 für seine Dame zu lassen.} Bg4
14. Qe3 Rae8 15. h3 Bxf3 16. Qxf3 Nd7 17. Qd1 f5 $2 (17... Nc5 18. Nd5 Qb8 19.
b4 Ne6 $132) 18. Nd5 Qd8 19. b4 $14 {Mastrovasilis - Nikolov (Kavala, 2007)})
13... h6 14. Bd2 $1 ({Nichts bringt} 14. Be3 Bg4 15. Nd5 Qd8 16. h3 Nxd5 17.
cxd5 Nd4 18. Bxd4 Bxf3 19. Qxf3 exd4 {und Schwarz gleicht aus:} 20. Rc4 Rc8 21.
Rfc1 Rxc4 22. Rxc4 h5 23. Qd1 Be5 $11 {Sjugirov - Nukin (Gaziantep, 2008)}) (
14. Bxf6 Bxf6 15. Nd5 Qd8 16. h3 Bg7 $132 {Weiß hat zwar einen guten Springer
auf d5, dafür jedoch einen schlechten Läufer und keinen Druck gegen den Bauern
d6.}) 14... Bg4 15. Qe3 Bxf3 16. Qxf3 Nd4 17. Qd1 $14 {Man kann sicher sagen,
dass Weiß einen soliden Vorteil hat. Zwar steht der schwarze Springer auf d4
gut, aber Schwarz hat überhaupt kein Gegenspiel.} Qd7 18. Be3 ({Es macht
ebenfalls Sinn, zuerst} 18. h3 $14 {zu spielen, um das Feld g4 unter Kontrolle
zu nehmen.}) 18... Ng4 19. Nd5 Rae8 20. Bxd4 $2 {Ein unverständlicher Fehler!}
({Eine Möglichkeit wäre zum Beispiel} 20. Rc3 Kh7 21. h3 Nf6 (21... Nxe3 22.
fxe3 Ne6 23. Bc2 $16) 22. Qd2 Nxd5 23. cxd5 Rc8 24. Rfc1 $16) 20... exd4 {
Demnächst zieht Schwarz den Springer zurück auf f6 und die Stellung gleicht
sich aus.} 21. h3 Nf6 22. Nxf6+ Bxf6 $11 {Weiß hat seinen Vorteil verspielt.}
23. c5 d5 $2 {Ein kleines Gegengeschenk. Warum Schwarz nicht auf c5 genommen
hat, ist ein Rätsel.} (23... dxc5 $1 24. Rxc5 Rc8 25. Rd5 Qe6 26. f4 Kg7 $11)
24. exd5 Qxd5 25. Bc4 Qc6 26. b4 {Die Stellung ist zwar immer noch
ausgeglichen, aber Weiß hat eine etwas bessere Bauernstruktur.} Kg7 27. Qb3 Re5
28. Rce1 $1 {Obwohl Weiß sicher um Vorteil kämpft, muss er ein Paar der Türme
tauschen, weil ansonsten Schwarz die e-Linie bekommt.} Rxe1 (28... Rfe8 $2 29.
Rxe5 Rxe5 30. Bxf7 $16) 29. Rxe1 Rd8 30. Qd3 $1 {Richtige prophylaktische
Entscheidung. Schwarz hat eine Menge taktischer Tricks, falls der Bauer nicht
blockiert bleibt.} a5 $6 {Obwohl man es nicht voraussehen kann, aber die
öffnung der a-Linie ist zugunsten von Weiß.} (30... Re8 $1 {garantierte das
Remis}) 31. a3 axb4 32. axb4 Ra8 33. g3 h5 34. h4 Rd8 $2 {Die a-Linie sollte
man nicht aufgeben!} ({Natuerlich funktioniert nicht} 34... Ra4 {wegen} 35. Bb5
$18) (34... Qa4 $6 35. Qe4 Qxb4 $2 36. Bxf7 $3 Kxf7 37. Rb1 $18) (34... Qd7 $1
35. Qf3 Qc6 36. Bd5 Qb5 37. Bxb7 Qxb4 $1 $11) 35. Bb5 Qd5 36. Bc4 Qc6 37. Ra1
$14 {Weiß baut einen kleinen Vorteil auf.} Qc7 38. Ra7 Qb8 39. Ra3 Re8 (39...
Qc7 40. Qe4 $14 {Weiß hat zwei Ideen: Ra7 und Rf3}) 40. Qf3 Re1+ (40... Re7 41.
Kg2 Be5 42. Bd5 $36) 41. Kg2 Rc1 42. Bd3 Rc3 43. Ra5 {Es ist klar, dass nach
dem Turmtausch Remis unausweichlich wäre.} Qc8 44. Ra7 {Weiß hat Schwarz
völlig überspielt!} Qe6 45. Qe4 Qb3 $4 {Der Fehler, der zum Verlust führt!} (
45... Qxe4+ {Schwarz hatte die Chance, in ein Endspiel mit guten Remischancen
zu kommen.} 46. Bxe4 d3 47. Rxb7 d2 48. Rd7 (48. Bf3 $4 Rxf3 $19) 48... Rc4 49.
Bf3 Bc3 50. b5 Rxc5 51. b6 Rb5 52. b7 Rb2 $11) 46. c6 $1 {Vermutlich hat
Akopian diesen Zug übersehen.} Rxd3 (46... Rxc6 47. Rxb7 Qe6 48. Qxg6+ $18) (
46... bxc6 47. Qxg6+ $18) 47. cxb7 Qc2 (47... Rxg3+ 48. fxg3 d3 49. b8=Q d2 50.
Ra8 $18) 48. Qxd3 $2 {Der erste Schritt in die falsche Richtung. Es gewann Qd5!
} (48. Qd5 $1 Rd2 49. b8=Q Rxf2+ 50. Kg1 $18) 48... Qxd3 49. b8=Q Qe4+ 50. Kh2
d3 51. Qf4 Qd5 (51... Qxf4 52. gxf4 Bxh4 53. Kg2 $18) 52. Qd2 Bxh4 $5 {Schwarz
hat ja nichts zu verlieren.} 53. gxh4 $4 {Lässt den Gewinn aus. Leicht gewann
Ra3.} (53. Ra3 $1 Be7 54. Rxd3 $18) 53... Qd4 54. Qe3 Qxh4+ 55. Kg2 Qg4+ 56.
Kf1 (56. Qg3 Qd4 $1 {und falls Weiß den Turm a7 bewegt, so folgt d2-d1. Ich
vermute, Leko hat vergessen, dass die schwarze Dame das Feld a1 kontrolliert.})
56... Qd1+ {Dauerschach ist unausweichlich.} 57. Kg2 Qg4+ 58. Kh1 Qh4+ 59. Kg1
Qg4+ 60. Kh1 Qh4+ 61. Kg1 Qg4+ 62. Qg3 Qd4 63. Qc7 Qg4+ 64. Qg3 Qd4 65. Qe3
Qg4+ 1/2-1/2